[Event "Torquay Rowena Challengers"]
[Site "Torquay"]
[Date "2019.09.07"]
[Round "7"]
[White "O Gorman, Brendan"]
[Black "Farrar, Gordon"]
[Result "1/2-1/2"]
[WhiteElo "1718"]
[BlackElo "1750"]
[PlyCount "50"]
[EventDate "2019.09.01"]
[EventType "swiss"]
[EventRounds "7"]
[EventCountry "ENG"]
[SourceTitle "CBM 192 Extra"]
[Source "Chessbase"]
[SourceDate "2019.11.06"]
[SourceVersion "1"]
[SourceVersionDate "2019.11.06"]
[SourceQuality "1"]

1. Nf3 d6 2. d4 Nf6 3. c4 g6 4. Nc3 Bg7 5. Bg5 0-0 6. e3 c5 7. d5 e6 8. Be2 exd5 9. Nxd5 Be6 10. Nxf6+ Bxf6 11. Bxf6 Qxf6 12. Qb3 b6 13. Rd1 Nc6 14. 0-0 Na5 15. Qc2 Rad8 16. b3 d5 17. cxd5 Bxd5 18. Rd2 Bb7 19. Rfd1 Rxd2 20. Qxd2 Bc6 21. h3 Nb7 22. Qc2 Rd8 23. Rxd8+ Nxd8 24. Nd2 Ne6 25. Bf3 Qa1+ 1/2-1/2

[Event "Torquay Rowena Challengers"]
[Site "Torquay"]
[Date "2019.09.03"]
[Round "3"]
[White "Benson, Paul J"]
[Black "Farrar, Gordon"]
[Result "1/2-1/2"]
[WhiteElo "1849"]
[BlackElo "1750"]
[PlyCount "51"]
[EventDate "2019.09.01"]
[EventType "swiss"]
[EventRounds "7"]
[EventCountry "ENG"]
[SourceTitle "CBM 192 Extra"]
[Source "Chessbase"]
[SourceDate "2019.11.06"]
[SourceVersion "1"]
[SourceVersionDate "2019.11.06"]
[SourceQuality "1"]

1. g3 e5 2. c4 Nc6 3. Nc3 f5 4. Bg2 Nf6 5. e3 d5 6. cxd5 Nb4 7. d3 Nfxd5 8. Nxd5 Nxd5 9. Ne2 Nb4 10. d4 e4 11. 0-0 Be7 12. f3 exf3 13. Bxf3 0-0 14. Nf4 Kh8 15. Bg2 c6 16. a3 Na6 17. b4 Nc7 18. d5 cxd5 19. Nxd5 Nxd5 20. Qxd5 Qxd5 21. Bxd5 Bf6 22. Rb1 Rd8 23. e4 fxe4 24. Bxe4 Bh3 25. Bg2 Bxg2 26. Kxg2 1/2-1/2

[Event "North Wales op 4th"]
[Site "Llandudno"]
[Date "2019.06.22"]
[Round "3"]
[White "Patrick, David A"]
[Black "Farrar, Gordon"]
[Result "1-0"]
[WhiteElo "1878"]
[BlackElo "1750"]
[PlyCount "45"]
[EventDate "2019.06.21"]
[EventType "swiss"]
[EventRounds "5"]
[EventCountry "WLS"]
[SourceTitle "EXT 2020"]
[Source "ChessBase"]
[SourceDate "2019.10.17"]
[SourceVersion "1"]
[SourceVersionDate "2019.10.17"]
[SourceQuality "1"]

1. e4 e5 2. Nf3 d6 3. d4 exd4 4. Nxd4 Nf6 5. Nc3 Be7 6. h3 0-0 7. Be3 Nc6 8. Nxc6 bxc6 9. Be2 a5 10. 0-0 Ba6 11. f4 Nd7 12. Bxa6 Rxa6 13. Qd3 Ra8 14. Ne2 Qb8 15. Rab1 Qb5 16. c4 Qh5 17. Ng3 Qg6 18. Rf3 Nb6 19. Nf5 Bf6 20. e5 Nxc4 21. exf6 Qxf6 22. Bd4 Qe6 23. Nxg7 1-0

[Event "Torquay Paignton Rowena op"]
[Site "Torquay"]
[Date "2018.09.03"]
[Round "2"]
[White "Farrar, Gordon"]
[Black "Siddall, Dave"]
[Result "1/2-1/2"]
[WhiteElo "150"]
[BlackElo "160"]
[PlyCount "84"]
[EventDate "2018.09.02"]
[EventType "swiss"]
[EventRounds "7"]
[EventCountry "ENG"]
[SourceTitle "CBM 187 Extra"]
[Source "ChessBase"]
[SourceDate "2018.11.04"]
[SourceVersion "1"]
[SourceVersionDate "2018.11.04"]
[SourceQuality "1"]

1. d4 Nf6 2. Nc3 d5 3. Bf4 e6 4. e3 a6 5. Bd3 c5 6. dxc5 Bxc5 7. Nf3 Nc6 8. 0-0 0-0 9. a3 b5 10. e4 d4 11. Ne2 Re8 12. e5 Nd5 13. Bg3 f5 14. exf6 Nxf6 15. Ne5 Bb7 16. Re1 Nxe5 17. Bxe5 Ng4 18. Ng3 Qh4 19. h3 Nxe5 20. Rxe5 Qe7 21. Ne4 Bd6 22. Nxd6 Qxd6 23. Qe2 Bd5 24. Re1 g6 25. Qg4 Re7 26. Qxd4 Rd7 27. c4 Bxg2 28. Qxd6 Rxd6 29. Kxg2 Rxd3 30. cxb5 Rd2 31. bxa6 Rxb2 32. Rxe6 Ra7 33. R6e2 Rxe2 34. Rxe2 Rxa6 35. Re3 Kf7 36. Kf3 Kf6 37. Ke4 Kg5 38. Rf3 h5 39. Kd5 Kh4 40. Kc5 g5 41. Kb5 g4 42. hxg4 hxg4 1/2-1/2

[Event "GBR-ch U1900 op 105th"]
[Site "Hull"]
[Date "2018.08.03"]
[Round "5"]
[White "Farrar, Gordon"]
[Black "Pride, Stephen C"]
[Result "1/2-1/2"]
[WhiteElo "1742"]
[BlackElo "1554"]
[PlyCount "41"]
[EventDate "2018.07.30"]
[EventType "swiss"]
[EventRounds "5"]
[EventCountry "ENG"]
[SourceTitle "EXT 2021"]
[Source "ChessBase"]
[SourceDate "2020.10.23"]
[SourceVersion "1"]
[SourceVersionDate "2020.10.23"]
[SourceQuality "1"]

1. d4 e6 2. e4 b6 3. Nc3 Bb7 4. Bd3 g6 5. f4 d6 6. Nf3 Bg7 7. 0-0 Ne7 8. Be3 0-0 9. Qe1 h6 10. Qh4 Nd7 11. f5 exf5 12. Bxh6 fxe4 13. Bxg7 Kxg7 14. Bxe4 Bxe4 15. Qxe4 Nf5 16. Rae1 a6 17. g4 Nh6 18. h3 Nf6 19. Qe7 Nhg8 20. Qxd8 Raxd8 21. Nd2 1/2-1/2

[Event "GBR-ch U1900 op 105th"]
[Site "Hull"]
[Date "2018.08.02"]
[Round "4"]
[White "Ramage, Colin R"]
[Black "Farrar, Gordon"]
[Result "1-0"]
[WhiteElo "1802"]
[BlackElo "1742"]
[PlyCount "84"]
[EventDate "2018.07.30"]
[EventType "swiss"]
[EventRounds "5"]
[EventCountry "ENG"]
[SourceTitle "EXT 2021"]
[Source "ChessBase"]
[SourceDate "2020.10.23"]
[SourceVersion "1"]
[SourceVersionDate "2020.10.23"]
[SourceQuality "1"]

1. e4 e5 2. d4 exd4 3. c3 d5 4. exd5 Qxd5 5. cxd4 Nc6 6. Nf3 Nf6 7. Be2 Bb4+ 8. Nc3 0-0 9. 0-0 Qd8 10. a3 Ba5 11. Bg5 h6 12. Bh4 Re8 13. Re1 Bf5 14. Rc1 a6 15. b4 Bb6 16. d5 Ne5 17. Bg3 Nxf3+ 18. Bxf3 Qd7 19. Qd2 c6 20. Red1 cxd5 21. Nxd5 Nxd5 22. Qxd5 Qxd5 23. Bxd5 Be4 24. Bxe4 Rxe4 25. Rd7 Rae8 26. h3 R8e7 27. Rcd1 Re1+ 28. Kh2 Kh7 29. R1d5 R1e2 30. Rxe7 Rxe7 31. Rd6 Bc7 32. Rd3 Kg6 33. Bxc7 Rxc7 34. Kg3 Kf6 35. Kf3 Ke5 36. Ke3 f5 37. f4+ Ke6 38. g4 g6 39. gxf5+ gxf5 40. Kf3 Rg7 41. Re3+ Kd6 42. Re5 Re7 1-0

[Event "GBR-ch U1900 op 105th"]
[Site "Hull"]
[Date "2018.08.01"]
[Round "3"]
[White "Farrar, Gordon"]
[Black "Wells, Leslie"]
[Result "1/2-1/2"]
[WhiteElo "1742"]
[BlackElo "1840"]
[PlyCount "91"]
[EventDate "2018.07.30"]
[EventType "swiss"]
[EventRounds "5"]
[EventCountry "ENG"]
[SourceTitle "EXT 2021"]
[Source "ChessBase"]
[SourceDate "2020.10.23"]
[SourceVersion "1"]
[SourceVersionDate "2020.10.23"]
[SourceQuality "1"]

1. d4 Nf6 2. Nc3 d6 3. e4 c6 4. f4 Qa5 5. Bd3 e5 6. Nf3 exd4 7. Nxd4 Qb6 8. Be2 g6 9. Rb1 Bg7 10. Be3 Qc7 11. 0-0 0-0 12. Bf3 Nbd7 13. Nb3 Nb6 14. Qe2 Be6 15. Nd2 Rad8 16. h3 d5 17. e5 Nfd7 18. Bf2 Rde8 19. Bg4 Bxg4 20. Qxg4 f6 21. exf6 Nxf6 22. Qh4 Nh5 23. g3 Nf6 24. Bc5 Rf7 25. Rbe1 Qd7 26. g4 d4 27. Rxe8+ Nxe8 28. Nce4 h6 29. b3 Nd5 30. f5 gxf5 31. gxf5 b6 32. Ba3 c5 33. Ng3 Ne3 34. Rf4 Nxf5 35. Nxf5 Rxf5 36. Rg4 Qe6 37. Nf1 Nf6 38. Qxh6 Rxf1+ 39. Kxf1 Qf5+ 40. Rf4 Qxc2 41. Qh4 d3 42. Rxf6 d2 43. Rd6 d1Q+ 44. Rxd1 Qxd1+ 45. Kg2 Qc2+ 46. Qf2 1/2-1/2

[Event "GBR-ch U1900 op 105th"]
[Site "Hull"]
[Date "2018.07.31"]
[Round "2"]
[White "Dean, Robert A"]
[Black "Farrar, Gordon"]
[Result "1/2-1/2"]
[WhiteElo "1844"]
[BlackElo "1742"]
[PlyCount "60"]
[EventDate "2018.07.30"]
[EventType "swiss"]
[EventRounds "5"]
[EventCountry "ENG"]
[SourceTitle "EXT 2021"]
[Source "ChessBase"]
[SourceDate "2020.10.23"]
[SourceVersion "1"]
[SourceVersionDate "2020.10.23"]
[SourceQuality "1"]

1. e4 e5 2. Nf3 d6 3. Bc4 Nf6 4. d3 Be7 5. Nc3 0-0 6. h3 Nc6 7. Be3 Na5 8. Bb3 Nxb3 9. axb3 a6 10. 0-0 Bd7 11. Qd2 Bc6 12. Rfe1 Re8 13. Ne2 Bf8 14. Bg5 d5 15. exd5 Bxd5 16. Nh4 h6 17. Be3 Nh5 18. Nf5 Be6 19. Neg3 Nxg3 20. Nxg3 f5 21. f4 Qh4 22. Ne2 exf4 23. Nxf4 Bf7 24. Ne2 Bd6 25. Bf2 Qf6 26. c4 c5 27. d4 cxd4 28. Bxd4 Be5 29. Bxe5 Rxe5 30. Kh1 Rae8 1/2-1/2

[Event "GBR-ch U1900 op 104th"]
[Site "Llandudno"]
[Date "2017.08.04"]
[Round "5"]
[White "Farrar, Gordon"]
[Black "Plater, Ronald"]
[Result "0-1"]
[WhiteElo "1832"]
[BlackElo "1866"]
[PlyCount "89"]
[EventDate "2017.07.31"]
[EventType "swiss"]
[EventRounds "5"]
[EventCountry "WLS"]
[SourceTitle "EXT 2019"]
[Source "ChessBase"]
[SourceDate "2018.10.10"]
[SourceVersion "1"]
[SourceVersionDate "2018.10.10"]
[SourceQuality "1"]

1. e4 c6 2. d4 d5 3. Nc3 dxe4 4. Nxe4 Nf6 5. Nxf6+ exf6 6. Bc4 Nd7 7. Nf3 Nb6 8. Bb3 Be6 9. 0-0 Qd7 10. Re1 0-0-0 11. Bxe6 fxe6 12. Qe2 Re8 13. Bd2 Bd6 14. c4 Bc7 15. a4 Kb8 16. a5 Nc8 17. Bc3 h5 18. c5 h4 19. a6 b6 20. cxb6 Nxb6 21. Qc2 h3 22. g3 Qd5 23. Qe4 Qxe4 24. Rxe4 Kc8 25. Nd2 Nd5 26. Nb3 Bd6 27. Ba5 Kd7 28. Nc5+ Bxc5 29. dxc5 g5 30. Rd1 Ke7 31. Rde1 Kf7 32. Bd2 Re7 33. b4 Rd8 34. b5 cxb5 35. Ba5 Rc8 36. Rc1 Rc6 37. Re2 Rxa6 38. Ra2 Rc6 39. Bd2 a6 40. Rca1 Ra7 41. Kf1 b4 42. Ra5 Rac7 43. Rxa6 Rxc5 44. Rb1 Rc2 45. Ra8 0-1

[Event "BCF-ch U160"]
[Site "Aberystwyth"]
[Date "2014.08.01"]
[Round "5"]
[White "Crouch, Timothy J"]
[Black "Farrar, Gordon"]
[Result "0-1"]
[WhiteElo "131"]
[BlackElo "144"]
[PlyCount "56"]
[EventDate "2014.07.28"]
[EventType "swiss"]
[EventRounds "5"]
[EventCountry "WLS"]
[SourceTitle "EXT 2017"]
[Source "ChessBase"]
[SourceDate "2016.10.25"]
[SourceVersion "1"]
[SourceVersionDate "2016.10.25"]
[SourceQuality "1"]

1. e4 e5 2. Nf3 d6 3. Bb5+ c6 4. Be2 Nf6 5. d3 Be7 6. Nbd2 Nbd7 7. b3 Qc7 8. Bb2 Nf8 9. 0-0 Ng6 10. d4 0-0 11. Re1 Re8 12. Bc4 b5 13. dxe5 dxe5 14. Bf1 Bb7 15. c4 a6 16. Qc2 Bc5 17. cxb5 cxb5 18. Rac1 Rac8 19. Qb1 Qb6 20. Red1 Bxf2+ 21. Kh1 Rxc1 22. Rxc1 Be3 23. h3 Nh5 24. g4 Ng3+ 25. Kg2 Bxd2 26. Nxd2 Qe3 27. Re1 Nf4+ 28. Kh2 Qf2+ 0-1

[Event "BCF-ch U160"]
[Site "Aberystwyth"]
[Date "2014.07.31"]
[Round "4"]
[White "Farrar, Gordon"]
[Black "Renshaw, Mick J"]
[Result "1/2-1/2"]
[WhiteElo "144"]
[BlackElo "136"]
[PlyCount "68"]
[EventDate "2014.07.28"]
[EventType "swiss"]
[EventRounds "5"]
[EventCountry "WLS"]
[SourceTitle "EXT 2017"]
[Source "ChessBase"]
[SourceDate "2016.10.25"]
[SourceVersion "1"]
[SourceVersionDate "2016.10.25"]
[SourceQuality "1"]

1. d4 Nf6 2. c4 c5 3. d5 b5 4. cxb5 a6 5. f3 axb5 6. e4 d6 7. Bxb5+ Bd7 8. Bxd7+ Nbxd7 9. Nc3 g6 10. Be3 Bg7 11. Qd2 Ne5 12. Nh3 Nc4 13. Qe2 Nxe3 14. Qxe3 Nd7 15. Qe2 Qa5 16. 0-0 Bxc3 17. bxc3 Qxc3 18. Rfc1 Qa5 19. Nf2 0-0 20. Nd1 Rfb8 21. Ne3 Nb6 22. Rcb1 Na4 23. Qc2 Qc3 24. Rxb8+ Rxb8 25. Qxc3 Nxc3 26. a4 Rb2 27. Nc4 Rb4 28. Na5 Rxa4 29. Rxa4 Nxa4 30. Nc6 e6 31. dxe6 fxe6 32. Nd8 e5 33. Nb7 Kf8 34. Nxd6 Ke7 1/2-1/2

[Event "BCF-ch U160"]
[Site "Aberystwyth"]
[Date "2014.07.29"]
[Round "2"]
[White "Farrar, Gordon"]
[Black "Gosling, Brian GE"]
[Result "1/2-1/2"]
[WhiteElo "144"]
[BlackElo "152"]
[PlyCount "47"]
[EventDate "2014.07.28"]
[EventType "swiss"]
[EventRounds "5"]
[EventCountry "WLS"]
[SourceTitle "EXT 2017"]
[Source "ChessBase"]
[SourceDate "2016.10.25"]
[SourceVersion "1"]
[SourceVersionDate "2016.10.25"]
[SourceQuality "1"]

1. d4 c5 2. d5 g6 3. e4 Bg7 4. f4 d6 5. Nf3 Bg4 6. Bb5+ Nd7 7. a4 Ngf6 8. Nc3 a6 9. Bc4 0-0 10. 0-0 Qa5 11. Bd2 Qb4 12. b3 Qb6 13. a5 Qc7 14. Ra2 Ra7 15. h3 Bxf3 16. Qxf3 b5 17. axb6 Nxb6 18. Qe2 Nh5 19. Kh2 Nxc4 20. Qxc4 Rfa8 21. Ne2 Qb8 22. Bc3 Qb5 23. Ra4 Qxc4 24. Rxc4 1/2-1/2